000 00342nam a2200145Ia 4500
008 210210b1829 xxu||||| |||| 00| 0 eng d
041 _aeng
082 _a829/976
100 _aSCOTT (Sir W)
245 _aWaverley
260 _aLondon
_bOxford University Press
_c1829
650 _aWaverley
690 _aEnglish Fiction
906 _a017591
999 _c137575
_d137575